Normal view
MARC view
Entry Personal Name
001 - CONTROL NUMBER
- control field: 54558
003 - CONTROL NUMBER IDENTIFIER
- control field: OSt
005 - DATE AND TIME OF LATEST TRANSACTION
- control field: 20240909105434.0
008 - FIXED-LENGTH DATA ELEMENTS
- fixed length control field: 240909|| aca||aabn | a|a d
040 ## - CATALOGING SOURCE
- Original cataloging agency: OSt
- Transcribing agency: OSt
100 ## - HEADING--PERSONAL NAME
- Personal name: အောင်လှ၊ စော
670 ## - SOURCE DATA FOUND
- Source citation: Work cat.: (OSt)27221: အောင်လှ၊ စော, ကရင်လူမျိုးများအကြောင်း /, ၁၉၄၀။